[Event "Titled Tuesday intern op 04th Jul Late"]
[Site "Chess.com INT"]
[Date "2023.07.04"]
[Round "8"]
[White "Asavasaetakul, Chawit"]
[Black "Hajiyev, Kanan"]
[Result "0-1"]
[WhiteElo "2009"]
[BlackElo "2164"]
[PlyCount "66"]
[EventDate "2023.07.04"]
[EventType "swiss (blitz)"]
[EventRounds "11"]
[EventCountry "USA"]
[SourceTitle "EXT 2024"]
[Source "ChessBase"]
[SourceDate "2023.10.10"]
[SourceVersion "1"]
[SourceVersionDate "2023.10.10"]
[SourceQuality "1"]

1. d4 Nf6 2. Nf3 e6 3. c3 c5 4. Bg5 Be7 5. Nbd2 0-0 6. e4 cxd4 7. cxd4 h6 8. Bxf6 Bxf6 9. e5 Be7 10. Bd3 d6 11. Qe2 Nc6 12. Qe4 g6 13. h4 dxe5 14. dxe5 Nb4 15. Bb1 Qd5 16. Qg4 Nd3+ 17. Bxd3 Qxd3 18. h5 g5 19. Rd1 Rd8 20. Qe4 Qb5 21. b3 Bd7 22. Nc4 Bb4+ 23. Ke2 Bc6 24. Qg4 Be7 25. Nd4 Qa6 26. Nxe6 Qxa2+ 27. Rd2 Rxd2+ 28. Nxd2 Bb5+ 29. Ke3 Rc8 30. Nxg5 Rc3+ 31. Ke4 Bd3+ 32. Ke3 Bf5+ 33. Kf4 Bxg4 0-1

[Event "Titled Tuesday intern op 04th Jul Late"]
[Site "Chess.com INT"]
[Date "2023.07.04"]
[Round "11"]
[White "Asavasaetakul, Chawit"]
[Black "Souza, Gustavo Horokoski"]
[Result "1-0"]
[WhiteElo "2009"]
[BlackElo "1953"]
[PlyCount "49"]
[EventDate "2023.07.04"]
[EventType "swiss (blitz)"]
[EventRounds "11"]
[EventCountry "USA"]
[SourceTitle "EXT 2024"]
[Source "ChessBase"]
[SourceDate "2023.10.10"]
[SourceVersion "1"]
[SourceVersionDate "2023.10.10"]
[SourceQuality "1"]

1. e4 e6 2. d4 d5 3. Nd2 Nf6 4. e5 Nfd7 5. Bd3 c5 6. c3 Nc6 7. Ne2 b6 8. 0-0 cxd4 9. cxd4 Nb4 10. Bb1 Ba6 11. Nf3 Rc8 12. a3 Nc6 13. Re1 Be7 14. Bf4 Na5 15. Ng3 h5 16. b4 Nc4 17. Nd2 Nxd2 18. Bxd2 Bg5 19. f4 Bh4 20. f5 Bg5 21. fxe6 fxe6 22. Bg6+ Kf8 23. Qf3+ Bf6 24. exf6 Nxf6 25. Rxe6 1-0

[Event "Titled Tuesday intern op 13th Jun Early"]
[Site "Chess.com INT"]
[Date "2023.06.13"]
[Round "2"]
[White "Bethke, Richard"]
[Black "Asavasaetakul, Chawit"]
[Result "1-0"]
[WhiteElo "2382"]
[BlackElo "2009"]
[PlyCount "77"]
[EventDate "2023.06.13"]
[EventType "swiss (blitz)"]
[EventRounds "11"]
[EventCountry "USA"]
[SourceTitle "EXT 2024"]
[Source "ChessBase"]
[SourceDate "2023.10.10"]
[SourceVersion "1"]
[SourceVersionDate "2023.10.10"]
[SourceQuality "1"]

1. e4 c6 2. Nf3 d5 3. Nc3 dxe4 4. Nxe4 Nf6 5. Qe2 Nxe4 6. Qxe4 Nd7 7. Bc4 Nf6 8. Ne5 e6 9. Qe2 Be7 10. 0-0 0-0 11. Rd1 Qc7 12. d4 Nd5 13. a4 Bd6 14. c3 b6 15. Bd3 Bb7 16. Qe4 Nf6 17. Qh4 Bxe5 18. dxe5 Qxe5 19. Bf4 Qh5 20. Qg3 Rfd8 21. Bg5 Ne4 22. Qc7 Rdc8 23. Qxb7 Nc5 24. Qe7 Re8 25. Qd6 Qxg5 26. Qxc6 Rac8 27. Qb5 Red8 28. Bc2 Rxd1+ 29. Rxd1 Rd8 30. b4 Rxd1+ 31. Bxd1 Qd8 32. Bf3 Nb3 33. h4 Nd2 34. Be2 h6 35. c4 Qxh4 36. Qe8+ Kh7 37. Qxf7 Qe7 38. Bd3+ Kh8 39. Qxe7 1-0

[Event "Titled Tuesday intern op 30th May Early"]
[Site "Chess.com INT"]
[Date "2023.05.30"]
[Round "10"]
[White "Asavasaetakul, Chawit"]
[Black "Bartel, Michal"]
[Result "0-1"]
[WhiteElo "2009"]
[BlackElo "2252"]
[PlyCount "88"]
[EventDate "2023.05.30"]
[EventType "swiss (blitz)"]
[EventRounds "11"]
[EventCountry "USA"]
[SourceTitle "CBM 214 Extra"]
[Source "ChessBase"]
[SourceDate "2023.07.31"]
[SourceVersion "1"]
[SourceVersionDate "2023.07.31"]
[SourceQuality "1"]

1. d4 Nf6 2. Nf3 c5 3. c3 b6 4. Bf4 Bb7 5. Nbd2 d6 6. e3 g6 7. a4 Bg7 8. h3 0-0 9. Be2 a6 10. 0-0 Nbd7 11. Bh2 Qc7 12. Qb3 Rac8 13. Rfe1 Qb8 14. Qd1 Rfe8 15. Bc4 Qa8 16. Qe2 d5 17. Bd3 Ne4 18. Ne5 Nxe5 19. Bxe5 Nxd2 20. Qxd2 f6 21. Bh2 e5 22. Re2 Bc6 23. a5 c4 24. Bc2 b5 25. Rae1 e4 26. Bd6 Qb7 27. Bc5 Qf7 28. Rf1 f5 29. f4 exf3 30. Rxf3 Qd7 31. Ref2 Bh6 32. Qe2 Re6 33. g4 fxg4 34. hxg4 Rce8 35. Rf7 Qxf7 36. Rxf7 Kxf7 37. Qf3+ Kg8 38. Qh3 Bxe3+ 39. Kf1 Rf6+ 40. Kg2 Rf2+ 41. Kg3 Rxc2 42. Bd6 Bf2+ 43. Kf3 Re3+ 44. Kf4 Rxh3 0-1

[Event "Titled Tuesday intern op 30th May Early"]
[Site "Chess.com INT"]
[Date "2023.05.30"]
[Round "4"]
[White "Asavasaetakul, Chawit"]
[Black "Do Nascimento, Christian Almeida"]
[Result "1-0"]
[WhiteElo "2009"]
[BlackElo "2095"]
[PlyCount "71"]
[EventDate "2023.05.30"]
[EventType "swiss (blitz)"]
[EventRounds "11"]
[EventCountry "USA"]
[SourceTitle "CBM 214 Extra"]
[Source "ChessBase"]
[SourceDate "2023.07.31"]
[SourceVersion "1"]
[SourceVersionDate "2023.07.31"]
[SourceQuality "1"]

1. d4 c5 2. c3 Nf6 3. Nf3 g6 4. Bf4 cxd4 5. cxd4 Bg7 6. Nbd2 0-0 7. e3 d5 8. Be2 Nc6 9. 0-0 Bf5 10. a3 Rc8 11. Rc1 Qb6 12. b4 Ne4 13. Nxe4 Bxe4 14. Qb3 Rfd8 15. Nd2 Bf5 16. Bf3 Be6 17. Rc5 Nb8 18. Rfc1 Rxc5 19. Rxc5 Nd7 20. Rc3 Qa6 21. Bxd5 Nf8 22. Bc4 Bxc4 23. Qxc4 Qa4 24. Qb3 Qd7 25. Rc7 Qe8 26. Rxb7 e5 27. Bg5 Rc8 28. Re7 Rc1+ 29. Nf1 Rxf1+ 30. Kxf1 Qb5+ 31. Ke1 Ne6 32. Rxe6 fxe6 33. Qxe6+ Kf8 34. Be7+ Ke8 35. Bf6+ Kf8 36. Qe7+ 1-0

[Event "Titled Tuesday intern op 30th May Early"]
[Site "Chess.com INT"]
[Date "2023.05.30"]
[Round "8"]
[White "Asavasaetakul, Chawit"]
[Black "Postlmayer, Jakob"]
[Result "1-0"]
[WhiteElo "2009"]
[BlackElo "2347"]
[PlyCount "75"]
[EventDate "2023.05.30"]
[EventType "swiss (blitz)"]
[EventRounds "11"]
[EventCountry "USA"]
[SourceTitle "CBM 214 Extra"]
[Source "ChessBase"]
[SourceDate "2023.07.31"]
[SourceVersion "1"]
[SourceVersionDate "2023.07.31"]
[SourceQuality "1"]

1. d4 Nf6 2. Nf3 d5 3. c3 c5 4. dxc5 e6 5. b4 a5 6. a4 axb4 7. cxb4 b6 8. e3 bxc5 9. Bb5+ Nbd7 10. bxc5 Bxc5 11. Ba3 Bxa3 12. Nxa3 0-0 13. 0-0 Ba6 14. Nd4 Bxb5 15. Naxb5 Nc5 16. Qc2 Nfd7 17. Rfc1 Qb6 18. Rcb1 h6 19. h3 Rfc8 20. Qd1 Ne4 21. Rc1 Ne5 22. Rxc8+ Rxc8 23. a5 Qa6 24. Qb3 Nc4 25. Qb4 Rb8 26. Nc7 Qc8 27. Ndb5 Qxc7 28. Nxc7 Rxb4 29. a6 Nb6 30. a7 g5 31. Ra6 Rb1+ 32. Kh2 Nxf2 33. Rxb6 Rxb6 34. a8Q+ Kg7 35. Ne8+ Kg6 36. Qd8 Rb2 37. Qf6+ Kh7 38. Qxb2 1-0

[Event "Titled Tuesday intern op 30th May Early"]
[Site "Chess.com INT"]
[Date "2023.05.30"]
[Round "5"]
[White "Goncharov, Vladimir"]
[Black "Asavasaetakul, Chawit"]
[Result "1-0"]
[WhiteElo "2077"]
[BlackElo "2009"]
[PlyCount "75"]
[EventDate "2023.05.30"]
[EventType "swiss (blitz)"]
[EventRounds "11"]
[EventCountry "USA"]
[SourceTitle "CBM 214 Extra"]
[Source "ChessBase"]
[SourceDate "2023.07.31"]
[SourceVersion "1"]
[SourceVersionDate "2023.07.31"]
[SourceQuality "1"]

1. d4 d5 2. c4 c6 3. Nf3 Nf6 4. e3 a6 5. Nc3 Bf5 6. c5 Nbd7 7. h3 e5 8. Be2 Ne4 9. 0-0 Be7 10. Nxe4 Bxe4 11. Bd2 Bf6 12. Bc3 exd4 13. Bxd4 0-0 14. Rc1 Re8 15. Qa4 Bxd4 16. Nxd4 Qg5 17. g3 Re7 18. Kh2 Rae8 19. Qb3 Nf6 20. Qc3 h5 21. f4 Qh6 22. Rce1 Bh7 23. Bd1 Ne4 24. Qc1 Qg6 25. Rg1 Qh6 26. Bc2 Nf6 27. Bd1 Be4 28. b4 Qg6 29. a4 Qh6 30. b5 axb5 31. axb5 Nd7 32. bxc6 bxc6 33. Qc3 h4 34. g4 g6 35. g5 Qf8 36. Bg4 Nb8 37. Re2 Ra7 38. Qe1 1-0

[Event "Titled Tuesday intern op 30th May Early"]
[Site "Chess.com INT"]
[Date "2023.05.30"]
[Round "1"]
[White "Koshulyan, Egor A"]
[Black "Asavasaetakul, Chawit"]
[Result "1-0"]
[WhiteElo "2136"]
[BlackElo "2009"]
[PlyCount "65"]
[EventDate "2023.05.30"]
[EventType "swiss (blitz)"]
[EventRounds "11"]
[EventCountry "USA"]
[SourceTitle "CBM 214 Extra"]
[Source "ChessBase"]
[SourceDate "2023.07.31"]
[SourceVersion "1"]
[SourceVersionDate "2023.07.31"]
[SourceQuality "1"]

1. e4 c6 2. d4 d5 3. e5 Bf5 4. Nf3 e6 5. Be2 c5 6. c4 Ne7 7. Nc3 Nbc6 8. cxd5 Nxd5 9. 0-0 Be7 10. dxc5 Nxc3 11. bxc3 Bxc5 12. Qb3 0-0 13. Qxb7 Na5 14. Qb5 Rc8 15. Bg5 Qc7 16. Rad1 Bb6 17. Rc1 Nc4 18. Nd4 Bg6 19. Bf4 Qc5 20. Rfd1 Qxb5 21. Nxb5 Rc5 22. Bxc4 Rxc4 23. Bg3 h5 24. Nd6 Ra4 25. h3 Rxa2 26. c4 Rd8 27. c5 Bc7 28. Nb5 Ba5 29. Rxd8+ Bxd8 30. c6 h4 31. Bxh4 Ra5 32. Bxd8 Rxb5 33. c7 1-0

[Event "Titled Tuesday intern op 30th May Early"]
[Site "Chess.com INT"]
[Date "2023.05.30"]
[Round "11"]
[White "Parpiev, Isaak"]
[Black "Asavasaetakul, Chawit"]
[Result "0-1"]
[WhiteElo "2123"]
[BlackElo "2009"]
[PlyCount "94"]
[EventDate "2023.05.30"]
[EventType "swiss (blitz)"]
[EventRounds "11"]
[EventCountry "USA"]
[SourceTitle "CBM 214 Extra"]
[Source "ChessBase"]
[SourceDate "2023.07.31"]
[SourceVersion "1"]
[SourceVersionDate "2023.07.31"]
[SourceQuality "1"]

1. e4 c6 2. d4 g6 3. h4 h5 4. c4 d5 5. exd5 cxd5 6. cxd5 Nf6 7. Nc3 Nxd5 8. Bc4 Nxc3 9. bxc3 Bg7 10. Nf3 0-0 11. Ng5 e6 12. Bd2 a6 13. g4 b5 14. Bd3 Bb7 15. Rg1 hxg4 16. Qxg4 Nd7 17. Nxf7 Rxf7 18. Bxg6 Re7 19. Bg5 Nf8 20. h5 Qc7 21. Rc1 Nxg6 22. Bxe7 Qxe7 23. Qxg6 Kh8 24. h6 Bf6 25. Rg3 e5 26. dxe5 Qxe5+ 27. Re3 Qg5 28. Qf7 Qg1+ 29. Kd2 Qxf2+ 30. Re2 Bxc3+ 31. Rxc3 Qxf7 32. Rd3 Qxa2+ 33. Ke3 Qe6+ 34. Kf2 Qf5+ 35. Ke3 Be4 36. Rd4 Qf3+ 37. Kd2 Bc6 38. h7 Kxh7 39. Rh4+ Kg6 40. Reh2 Rd8+ 41. Kc1 Qf1+ 42. Kc2 Be4+ 43. Kc3 Qd3+ 44. Kb4 Rd4+ 45. Ka5 Ra4+ 46. Kb6 Qd6+ 47. Ka7 Qc7# 0-1

[Event "Titled Tuesday intern op 30th May Early"]
[Site "Chess.com INT"]
[Date "2023.05.30"]
[Round "7"]
[White "Roberson, Peter T"]
[Black "Asavasaetakul, Chawit"]
[Result "1-0"]
[WhiteElo "2430"]
[BlackElo "2009"]
[PlyCount "137"]
[EventDate "2023.05.30"]
[EventType "swiss (blitz)"]
[EventRounds "11"]
[EventCountry "USA"]
[SourceTitle "CBM 214 Extra"]
[Source "ChessBase"]
[SourceDate "2023.07.31"]
[SourceVersion "1"]
[SourceVersionDate "2023.07.31"]
[SourceQuality "1"]

1. e4 c6 2. d4 d5 3. Nd2 dxe4 4. Nxe4 Nf6 5. Nxf6+ exf6 6. c3 Bf5 7. Qb3 Qc7 8. Bf4 Qb6 9. Bc4 Qxb3 10. axb3 Nd7 11. Ne2 Be7 12. b4 0-0 13. b5 Nb6 14. bxc6 Nxc4 15. cxb7 Rad8 16. b8Q Rxb8 17. Bxb8 Rxb8 18. Rxa7 Bd6 19. b4 Bd3 20. Nc1 Bc2 21. 0-0 Nd2 22. Re1 Nb1 23. Rd7 Bf4 24. g3 Bd2 25. Ree7 Bxc1 26. Rxf7 Bh6 27. Rb7 Rxb7 28. Rxb7 Nxc3 29. Rc7 Ne2+ 30. Kg2 Nxd4 31. b5 Be4+ 32. f3 Nxf3 33. Kf2 Ne5 34. b6 Bd2 35. b7 Bxb7 36. Rxb7 Bh6 37. Ra7 Kf8 38. Kg2 Kg8 39. Kh3 Kf8 40. Kg2 Be3 41. Rb7 Bg5 42. h4 Bh6 43. Kh3 f5 44. Rb5 Ng6 45. Rxf5+ Ke7 46. g4 Nf4+ 47. Kg3 g6 48. Ra5 Ne6 49. Ra7+ Kf6 50. g5+ Nxg5 51. hxg5+ Kxg5 52. Rxh7 Kh5 53. Kh3 g5 54. Rh8 Kg6 55. Kg4 Bg7 56. Rc8 Bf6 57. Rc6 Kg7 58. Kf5 Bd8 59. Rd6 Be7 60. Rd7 Kf8 61. Ke6 g4 62. Rxe7 g3 63. Ra7 g2 64. Ra1 Kg7 65. Rg1 Kg6 66. Rxg2+ Kh5 67. Kf5 Kh4 68. Rg8 Kh3 69. Kf4 1-0

[Event "Titled Tuesday intern op 23rd May Early"]
[Site "Chess.com INT"]
[Date "2023.05.23"]
[Round "9"]
[White "Asavasaetakul, Chawit"]
[Black "Pinto, Daniel"]
[Result "1-0"]
[WhiteElo "2009"]
[BlackElo "2274"]
[PlyCount "84"]
[EventDate "2023.05.23"]
[EventType "swiss (blitz)"]
[EventRounds "11"]
[EventCountry "USA"]
[SourceTitle "CBM 214 Extra"]
[Source "ChessBase"]
[SourceDate "2023.07.31"]
[SourceVersion "1"]
[SourceVersionDate "2023.07.31"]
[SourceQuality "1"]

1. d4 Nf6 2. Nf3 g6 3. c3 Bg7 4. Bg5 0-0 5. Nbd2 c5 6. e3 cxd4 7. exd4 d6 8. Be2 Nc6 9. 0-0 h6 10. Bh4 e5 11. Nc4 e4 12. Nfd2 d5 13. Ne5 g5 14. Bg3 Nh7 15. Qb3 f5 16. f4 Bxe5 17. dxe5 Be6 18. Rad1 Qe7 19. Qc2 d4 20. Bc4 d3 21. Qb3 Bxc4 22. Nxc4 Kh8 23. Nd6 Rad8 24. fxg5 hxg5 25. Nxf5 Qc5+ 26. Kh1 e3 27. Nxe3 Qxe3 28. Rfe1 Qc5 29. c4 d2 30. Re2 Nd4 31. Qe3 Qxc4 32. Rexd2 Ne6 33. h3 Rxd2 34. Rxd2 Rf1+ 35. Kh2 Qc1 36. Bf2 Rh1+ 37. Kg3 Qc8 38. Rd6 Qe8 39. Qd2 Nf4 40. Rd8 Nh5+ 41. Kg4 Ng7 42. Rxe8+ Nxe8 1-0

[Event "Titled Tuesday intern op 23rd May Early"]
[Site "Chess.com INT"]
[Date "2023.05.23"]
[Round "7"]
[White "Asavasaetakul, Chawit"]
[Black "Sliwicki, Damian"]
[Result "0-1"]
[WhiteElo "2009"]
[BlackElo "2158"]
[PlyCount "54"]
[EventDate "2023.05.23"]
[EventType "swiss (blitz)"]
[EventRounds "11"]
[EventCountry "USA"]
[SourceTitle "CBM 214 Extra"]
[Source "ChessBase"]
[SourceDate "2023.07.31"]
[SourceVersion "1"]
[SourceVersionDate "2023.07.31"]
[SourceQuality "1"]

1. d4 Nf6 2. Nf3 g6 3. c3 Bg7 4. Bg5 0-0 5. Nbd2 d5 6. h4 Ne4 7. Nxe4 dxe4 8. Nd2 Qd5 9. e3 e5 10. Bc4 Qc6 11. h5 exd4 12. cxd4 Be6 13. Bxe6 Qxe6 14. Qc2 Re8 15. Qxc7 Nc6 16. a3 Rac8 17. Qf4 f6 18. Bh6 g5 19. Bxg5 fxg5 20. Qxg5 h6 21. Qg3 Ne7 22. Qf4 Rc2 23. Nxe4 Nd5 24. Qg3 Qxe4 25. Rh4 Qd3 26. Qf3 Nxe3 27. Rh3 Qd2# 0-1

[Event "Titled Tuesday intern op 16th May Early"]
[Site "Chess.com INT"]
[Date "2023.05.16"]
[Round "6"]
[White "Bezerra, Natacio Goncalves"]
[Black "Asavasaetakul, Chawit"]
[Result "0-1"]
[WhiteElo "1991"]
[BlackElo "2009"]
[PlyCount "70"]
[EventDate "2023.05.16"]
[EventType "swiss (blitz)"]
[EventRounds "11"]
[EventCountry "USA"]
[SourceTitle "CBM 214 Extra"]
[Source "ChessBase"]
[SourceDate "2023.07.31"]
[SourceVersion "1"]
[SourceVersionDate "2023.07.31"]
[SourceQuality "1"]

1. e4 c6 2. d4 g6 3. Nf3 Bg7 4. Be2 d5 5. e5 Bg4 6. h3 Bxf3 7. Bxf3 e6 8. 0-0 Ne7 9. Bg5 h6 10. Be3 Nf5 11. Nd2 0-0 12. c3 c5 13. g4 Nxe3 14. fxe3 Nc6 15. Bg2 Qb6 16. Rb1 cxd4 17. cxd4 Rac8 18. Kh1 Na5 19. b3 Rc3 20. b4 Nc4 21. Nxc4 Rxc4 22. Qd2 Rfc8 23. Rfc1 Rxc1+ 24. Rxc1 Rxc1+ 25. Qxc1 Qxb4 26. Qc8+ Bf8 27. Qb8 Qe1+ 28. Kh2 Qxe3 29. Qxa7 b5 30. h4 Qf4+ 31. Kh3 h5 32. gxh5 gxh5 33. Qa5 Qxd4 34. Qxb5 Qxe5 35. a4 Bd6 0-1

[Event "Titled Tuesday intern op 16th May Early"]
[Site "Chess.com INT"]
[Date "2023.05.16"]
[Round "8"]
[White "Korol, Dimitry"]
[Black "Asavasaetakul, Chawit"]
[Result "1-0"]
[WhiteElo "2287"]
[BlackElo "2009"]
[PlyCount "47"]
[EventDate "2023.05.16"]
[EventType "swiss (blitz)"]
[EventRounds "11"]
[EventCountry "USA"]
[SourceTitle "CBM 214 Extra"]
[Source "ChessBase"]
[SourceDate "2023.07.31"]
[SourceVersion "1"]
[SourceVersionDate "2023.07.31"]
[SourceQuality "1"]

1. d4 d5 2. c4 c6 3. Nc3 Nf6 4. e3 a6 5. Nf3 Bf5 6. Bd3 Bxd3 7. Qxd3 Nbd7 8. 0-0 e6 9. e4 dxe4 10. Nxe4 Be7 11. Re1 0-0 12. Bf4 Nxe4 13. Qxe4 Bf6 14. Rad1 Qb6 15. b3 Rfd8 16. h3 Nf8 17. Be5 Bxe5 18. Nxe5 Ng6 19. Nxf7 Kxf7 20. Qxe6+ Kf8 21. Re3 Rxd4 22. Rf3+ Rf4 23. Rd7 Rxf3 24. gxf3 1-0

[Event "Titled Tuesday intern op 16th May Early"]
[Site "Chess.com INT"]
[Date "2023.05.16"]
[Round "10"]
[White "Ziatdinov, Raset"]
[Black "Asavasaetakul, Chawit"]
[Result "1-0"]
[WhiteElo "2101"]
[BlackElo "2009"]
[PlyCount "45"]
[EventDate "2023.05.16"]
[EventType "swiss (blitz)"]
[EventRounds "11"]
[EventCountry "USA"]
[SourceTitle "CBM 214 Extra"]
[Source "ChessBase"]
[SourceDate "2023.07.31"]
[SourceVersion "1"]
[SourceVersionDate "2023.07.31"]
[SourceQuality "1"]

1. e4 c6 2. d4 g6 3. Nc3 Bg7 4. Nf3 d5 5. exd5 cxd5 6. Bd3 Nf6 7. h3 0-0 8. Bf4 Nc6 9. 0-0 Bf5 10. Bxf5 gxf5 11. Ne5 e6 12. f3 Qb6 13. Ne2 Nxe5 14. Bxe5 Rac8 15. b3 Qc6 16. Rc1 Qa6 17. a4 Rc6 18. Qd2 Kh8 19. Ng3 Qb6 20. Qg5 Ne8 21. Qe7 Rg8 22. a5 Qd8 23. Qxd8 1-0

[Event "New York Fall IM-D"]
[Site "Long Island City"]
[Date "2022.11.12"]
[Round "7"]
[White "Asavasaetakul, Chawit"]
[Black "Yu, Jiangwei"]
[Result "1/2-1/2"]
[WhiteElo "2019"]
[BlackElo "2126"]
[PlyCount "41"]
[EventDate "2022.11.09"]
[EventType "tourn"]
[EventRounds "9"]
[EventCountry "USA"]
[SourceTitle "CBM 211 Extra"]
[Source "ChessBase"]
[SourceDate "2023.01.31"]
[SourceVersion "1"]
[SourceVersionDate "2023.01.31"]
[SourceQuality "1"]

1. d4 d5 2. Nc3 Nf6 3. Bf4 e6 4. Nb5 Na6 5. e3 Be7 6. h3 0-0 7. Nf3 c6 8. Nc3 c5 9. Bxa6 bxa6 10. 0-0 Bd7 11. Ne5 Re8 12. Ne2 Rc8 13. c3 a5 14. Bg5 a4 15. Ng3 Bb5 16. Re1 a3 17. b3 cxd4 18. cxd4 h6 19. Bxf6 Bxf6 20. Qg4 Bxe5 21. dxe5 1/2-1/2

[Event "New York Fall IM-D"]
[Site "Long Island City"]
[Date "2022.11.11"]
[Round "4"]
[White "Zaloznyy, Mike"]
[Black "Asavasaetakul, Chawit"]
[Result "1-0"]
[WhiteElo "2226"]
[BlackElo "2019"]
[PlyCount "55"]
[EventDate "2022.11.09"]
[EventType "tourn"]
[EventRounds "9"]
[EventCountry "USA"]
[SourceTitle "CBM 211 Extra"]
[Source "ChessBase"]
[SourceDate "2023.01.31"]
[SourceVersion "1"]
[SourceVersionDate "2023.01.31"]
[SourceQuality "1"]

1. e4 c6 2. d4 d5 3. exd5 cxd5 4. c4 Nf6 5. Nc3 Nc6 6. Nf3 Bg4 7. cxd5 Nxd5 8. Qb3 Bxf3 9. gxf3 e6 10. Qxb7 Nxd4 11. Bb5+ Nxb5 12. Qc6+ Ke7 13. Qc5+ Ke8 14. Qxb5+ Qd7 15. Nxd5 exd5 16. Qd3 f6 17. 0-0 Kf7 18. Bf4 Bc5 19. Rac1 Bb6 20. Rfd1 Rad8 21. Rc2 h5 22. Rdc1 Qh3 23. Rc7+ Kg8 24. Qg6 Rh7 25. Qf7+ Kh8 26. Re7 Bxf2+ 27. Kxf2 Qh4+ 28. Kg2 1-0

[Event "New York Fall IM-D"]
[Site "Long Island City"]
[Date "2022.11.10"]
[Round "3"]
[White "Bortnyk, Mykola"]
[Black "Asavasaetakul, Chawit"]
[Result "1/2-1/2"]
[WhiteElo "2461"]
[BlackElo "2019"]
[PlyCount "106"]
[EventDate "2022.11.09"]
[EventType "tourn"]
[EventRounds "9"]
[EventCountry "USA"]
[SourceTitle "CBM 211 Extra"]
[Source "ChessBase"]
[SourceDate "2023.01.31"]
[SourceVersion "1"]
[SourceVersionDate "2023.01.31"]
[SourceQuality "1"]

1. e4 c6 2. Nc3 d5 3. Qe2 dxe4 4. Nxe4 Bf5 5. Nf3 e6 6. d3 Be7 7. g3 Nf6 8. Bg2 h6 9. 0-0 0-0 10. h3 Nbd7 11. b3 a5 12. a3 Qc7 13. Bf4 e5 14. Nxe5 Nxe5 15. Nxf6+ Bxf6 16. d4 Rfe8 17. Rfe1 Qc8 18. dxe5 g5 19. Be3 Bxe5 20. Rad1 Bxh3 21. Qh5 Bxg2 22. Kxg2 Bg7 23. f4 Qf5 24. fxg5 Qxc2+ 25. Bf2 Qf5 26. Be3 f6 27. g4 Qe4+ 28. Kg1 Qf3 29. Bf2 Rxe1+ 30. Rxe1 fxg5 31. Re8+ Rxe8 32. Qxe8+ Kh7 33. Qe6 Qd1+ 34. Be1 Qd4+ 35. Kg2 Qb2+ 36. Kh3 Qxa3 37. Bg3 Qf8 38. Qe4+ Kh8 39. Qe6 Qf1+ 40. Kh2 Qf3 41. Be1 b6 42. Qc8+ Kh7 43. Bg3 Qxb3 44. Qf5+ Kh8 45. Qc8+ Qg8 46. Qxc6 Qa2+ 47. Kh3 Qb1 48. Bc7 b5 49. Bxa5 b4 50. Qf3 Kh7 51. Bc7 b3 52. Be5 Bxe5 53. Qe4+ Qxe4 1/2-1/2

[Event "PNWCC vs Europe Hybrid 08"]
[Site "Chess.com INT"]
[Date "2022.08.21"]
[Round "5"]
[White "Asavasaetakul, Chawit"]
[Black "Simeonov, Stefan"]
[Result "1/2-1/2"]
[WhiteElo "2003"]
[BlackElo "2159"]
[PlyCount "123"]
[EventDate "2022.08.19"]
[EventType "team-match"]
[EventRounds "8"]
[EventCountry "USA"]
[SourceTitle "EXT 2024"]
[Source "ChessBase"]
[SourceDate "2023.10.10"]
[SourceVersion "1"]
[SourceVersionDate "2023.10.10"]
[SourceQuality "1"]
[WhiteTeam "PNWCC"]
[BlackTeam "Europe"]
[WhiteTeamCountry "USA"]

1. d4 d5 2. Nc3 Nf6 3. Bf4 Bf5 4. e3 e6 5. f3 Bb4 6. g4 Bg6 7. h4 h5 8. g5 Nfd7 9. Bd3 Bxd3 10. Qxd3 c5 11. dxc5 Nc6 12. a3 Nxc5 13. Qd2 Qa5 14. Nge2 e5 15. Kf2 Bxc3 16. Nxc3 exf4 17. b4 Nxb4 18. axb4 Qxb4 19. Rhb1 Qc4 20. Nxd5 fxe3+ 21. Qxe3+ Ne6 22. Qe4 Qc5+ 23. Kf1 0-0 24. Rxb7 Rae8 25. Raxa7 Nf4 26. Ne7+ Rxe7 27. Rxe7 Nd5 28. Red7 Ne3+ 29. Ke2 Nf5 30. Kd2 Rc8 31. Qd3 Qf2+ 32. Kc1 Qe1+ 33. Kb2 Qxh4 34. Rd8+ Rxd8 35. Qxd8+ Kh7 36. g6+ Kxg6 37. Qxh4 Nxh4 38. c4 Nxf3 39. c5 Ne5 40. Kc3 h4 41. Ra2 Kf5 42. Kd4 Nc6+ 43. Ke3 g5 44. Rf2+ Kg6 45. Rd2 f6 46. Rd6 Ne5 47. Kf2 g4 48. c6 Nxc6 49. Rxc6 Kg5 50. Rc8 Kf4 51. Rc4+ Kg5 52. Rc8 Kf4 53. Rc5 f5 54. Rc4+ Kg5 55. Ra4 f4 56. Ra5+ Kg6 57. Rb5 h3 58. Ra5 Kf6 59. Rh5 Kg6 60. Ra5 Kf6 61. Rh5 Kg6 62. Ra5 1/2-1/2

[Event "PNWCC vs Europe Hybrid 08"]
[Site "Chess.com INT"]
[Date "2022.08.21"]
[Round "6"]
[White "Simeonov, Stefan"]
[Black "Asavasaetakul, Chawit"]
[Result "1/2-1/2"]
[WhiteElo "2159"]
[BlackElo "2003"]
[PlyCount "119"]
[EventDate "2022.08.19"]
[EventType "team-match"]
[EventRounds "8"]
[EventCountry "USA"]
[SourceTitle "EXT 2024"]
[Source "ChessBase"]
[SourceDate "2023.10.10"]
[SourceVersion "1"]
[SourceVersionDate "2023.10.10"]
[SourceQuality "1"]
[WhiteTeam "Europe"]
[BlackTeam "PNWCC"]
[BlackTeamCountry "USA"]

1. e4 c6 2. Nc3 d5 3. Nf3 Bg4 4. h3 Bxf3 5. Qxf3 e6 6. d4 Nf6 7. exd5 cxd5 8. Bb5+ Nc6 9. 0-0 Be7 10. Bg5 0-0 11. Bxc6 bxc6 12. Na4 Ne4 13. Bxe7 Qxe7 14. Qd3 Qb4 15. b3 Qb5 16. c4 Qb4 17. Rfc1 Rfd8 18. Rc2 Nd6 19. cxd5 cxd5 20. Rc5 Nf5 21. Rd1 Rac8 22. Qc2 Rb8 23. Qd3 Qa3 24. Rd2 Rb4 25. Qc3 Nd6 26. f3 g6 27. Rc6 Rxa4 28. bxa4 Qxa4 29. Qc2 Qa3 30. Qb3 Qa5 31. Re2 Nf5 32. Rc5 Qa6 33. Rd2 Qd6 34. Qc3 Kg7 35. Rb2 Qf4 36. Qd2 Qg3 37. Rb7 Nd6 38. Rb3 Rd7 39. Qf2 Qg5 40. Qe3 Qe7 41. Rb8 Nc4 42. Qf2 Rb7 43. Rcc8 Rxb8 44. Rxb8 Qc7 45. Rb3 a5 46. g3 a4 47. Rb1 Qa5 48. Kg2 Qc3 49. Re1 a3 50. h4 Nb2 51. Qe3 Qc4 52. Rc1 Qxa2 53. Qe5+ Kh6 54. Qf4+ Kg7 55. Rc2 Qb1 56. Qe5+ Kh6 57. Qe3+ Kg7 58. Qe5+ Kh6 59. Qe3+ Kg7 60. Qe5+ 1/2-1/2